| 000 | 00457nam a2200169Ia 4500 | ||
|---|---|---|---|
| 008 | 230917s9999||||xx |||||||||||||| ||und|| | ||
| 020 | _cRS 595.00 | ||
| 040 |
_e5007682 _aMAIN |
||
| 041 | _aEnglish | ||
| 082 | _a519.5 P882I | ||
| 100 | _aPardeep Kumar | ||
| 245 | 0 | _aInstant notes on statistics | |
| 260 |
_aNew Delhi _bFriends Publications (India) _c2021 |
||
| 300 | _a166 p. | ||
| 500 | _a4202 22/12/2021 FP22/1332 04/01/2022 Main Budget | ||
| 942 | _cBK | ||
| 999 |
_c3627 _d3627 |
||